000
00251nam a22001097a 4500
041
_a
ENG
245
_a
Maharashtra Sirchan Parishai 2001 Smaranika
260
_a
Akola
_b
Dr.P,D.K.V Akola
_c
2001
300
_a
50
650
_a
GAE (15)
856
_u
GAE (15)
999
_c
2972
_d
2972